Państwa piszące cyrylicą - Statystyki

Ogólne statystyki
  • Ten quiz został rozwiązany 44 razy
  • Średni wynik to 13 z 16
Statystyki odpowiedzi
państwo % Poprawnych
Rosja
100%
Ukraina
100%
Białoruś
97%
Bułgaria
95%
Kazachstan
95%
Mołdawia
82%
Serbia
82%
Tadżykistan
82%
Kirgistan
79%
Turkmenistan
79%
Uzbekistan
79%
Macedonia Północna
77%
Mongolia
74%
Czarnogóra
67%
Kosowo
64%
Bośnia i Hercegowina
62%
Nie znaleziono quizów pasujących do podanych kryteriów
Rozkład punktacji
Procent ludzi z każdym wynikiem
Percentyl według liczby udzielonych odpowiedzi
Twoja historia wyników
Nie rozwiązałeś tego quizu